| 000 | 00548nam a22001817a 4500 | ||
|---|---|---|---|
| 999 |
_c167581 _d167581 |
||
| 005 | 20190912161650.0 | ||
| 010 | _aENG-126464 | ||
| 020 |
_c359.00 _a978-93-528-6646-5 |
||
| 035 | _aEN-109996 | ||
| 037 | _bDBAD/PUB | ||
| 082 | _a629.836 | ||
| 100 | _aKhalil,Hassan K | ||
| 245 |
_aNonlinear Control/ _c by Hassan K. Khalil |
||
| 260 |
_aU.P _bPearson _c2019 |
||
| 270 |
_bNoida _a15th Floor, Tower-B,World Trade Tower,Plot No. 1, Block-C, Sector 16,, _e201301 |
||
| 300 |
_a398p. _c22cm(pbk) |
||
| 942 |
_2ddc _cEN _h629.836 _mKHA |
||